내 영혼어 ㅜ피은 데서 : (Record no. 18178)

MARC details
000 -LEADER
fixed length control field 00581nam a2200157 4500
003 - CONTROL NUMBER IDENTIFIER
control field AUA.1
005 - DATE AND TIME OF LATEST TRANSACTION
control field 20201005125253.0
008 - FIXED-LENGTH DATA ELEMENTS--GENERAL INFORMATION
fixed length control field 170312b xxu||||| |||| 00| 0 eng d
040 ## - CATALOGING SOURCE
Transcribing agency JTL
240 ## - UNIFORM TITLE
Uniform title My soul is in the blood : Yoora's soprano anthem collection /
Medium Audiorecording.
Language of a work Korean
245 ## - TITLE STATEMENT
Title 내 영혼어 ㅜ피은 데서 :
Remainder of title 소프라노 이유라 찬미가 모음 /
Statement of responsibility, etc Yoora Lee-Hoff.
Medium Audiorecording.
260 ## - PUBLICATION, DISTRIBUTION, ETC. (IMPRINT)
Place of publication, distribution, etc Mansfelder Straße, Halle (Saale) :
Name of publisher, distributor, etc Horchmal,
Date of publication, distribution, etc [2011].
300 ## - PHYSICAL DESCRIPTION
Extent 1 audiodisc :
Other physical details sound,
Dimensions 4 3/4 in.
650 ## - SUBJECT ADDED ENTRY--TOPICAL TERM
Topical term or geographic name as entry element Christian music
942 ## - ADDED ENTRY ELEMENTS (KOHA)
Source of classification or shelving scheme AUA Inhouse Classification
Koha item type Audiovisual Item
Holdings
Withdrawn status Lost status Source of classification or shelving scheme Damaged status Not for loan Collection code Home library Current library Shelving location Date acquired Serial Enumeration / chronology Full call number Date last seen Cost, replacement price Price effective from Koha item type
    Library of Congress Classification     Audio-Visual Judith Thomas Library Judith Thomas Library Audio-Visuals 12/03/2017 AV502 MSR143 12/03/2017 12.99 12/03/2017 Audiovisual Item